The age of discontinuity : Guidelines to our changing society
Tallennettuna:
| Päätekijä: | |
|---|---|
| Aineistotyyppi: | Kirja |
| Kieli: | Undetermined |
| Julkaistu: |
New York
Harper & Row
1970
|
| Aiheet: | |
| Tagit: |
Lisää tagi
Ei tageja, Lisää ensimmäinen tagi!
|
| Thư viện lưu trữ: | Trung tâm Học liệu Trường Đại học Cần Thơ |
|---|
| LEADER | 00544nam a2200205Ia 4500 | ||
|---|---|---|---|
| 001 | CTU_86746 | ||
| 008 | 210402s9999 xx 000 0 und d | ||
| 082 | |a 309.1 | ||
| 082 | |b D794 | ||
| 100 | |a Drucker, Peter F. | ||
| 245 | 4 | |a The age of discontinuity : | |
| 245 | 0 | |b Guidelines to our changing society | |
| 245 | 0 | |c Peter F. Drucker | |
| 260 | |a New York | ||
| 260 | |b Harper & Row | ||
| 260 | |c 1970 | ||
| 650 | |a Economic history | ||
| 650 | |y 1945-1971 | ||
| 904 | |i Năm | ||
| 980 | |a Trung tâm Học liệu Trường Đại học Cần Thơ | ||